| 000 | 01060nam a22003257a 4500 | ||
|---|---|---|---|
| 003 | CHAP | ||
| 005 | 20220329133203.0 | ||
| 008 | 971013s1982 r 10010 d | ||
| 010 | _a3148 | ||
| 011 | _a4120 | ||
| 035 | _a3322 | ||
| 040 | _cCHAP | ||
| 082 |
_a627.56 _bC8 1982 |
||
| 111 | 0 | 0 |
_aCurso de Riego por Aspersión ( _n7 _d: 1982 _c: Gómez Palacio, Dgo.) _930624 |
| 245 | _aMemoria | ||
| 260 |
_aGómez Palacio, Dgo. : _bEl Centro, _c1982 |
||
| 300 | _ac.a 287 p. | ||
| 500 | _aD48-209 | ||
| 590 |
_aBATCH-UPD _b10 _c20130110 _lUCH01 _h0055 |
||
| 590 |
_aBATCH-UPD _b10 _c20130110 _lUCH01 _h2029 |
||
| 590 |
_aBATCH-UPD _b10 _c20130409 _lUCH01 _h2043 |
||
| 590 |
_aBATCH-UPD _b10 _c20130410 _lUCH01 _h1346 |
||
| 590 |
_aBATCH-UPD _b10 _c20130914 _lUCH01 _h0910 |
||
| 590 |
_aCONVERSION _b10 _c20130109 _lUCH01 _h1303 |
||
| 650 | 1 | 4 |
_aRiego por aspersión. _997375 |
| 710 | 0 |
_aCentro Nacional de Métodos Avanzados de Riego. México. _921245 |
|
| 901 | _aBK | ||
| 942 | _cLIBRO | ||
| 949 |
_a627.56 C8 1982 _bBC _cLIBRO _d33724002063934 _eLIBRO _h81018 _i3322 _mD _si |
||
| 999 |
_c3148 _d3148 |
||